000 01904cam a2200181 4500500
005 20251228052906.0
041 _afre
042 _adc
100 1 0 _aPumain, Denise
_eauthor
700 1 0 _aRobic, Marie-Claire
_eauthor
245 0 0 _aLucchini Françoise (2002). La Culture au service des Villes. Paris : Anthropos, 262 p., ISBN 2 7178 4422 8, 39 euros
260 _c2005.
500 _a89
520 _aRésuméLe travail médial est celui qui s’accomplit dans notre corps médial, à savoir le milieu éco-techno-symbolique nécessaire à l’existence de la personne individuelle. C’est la chôra indispensable au topos de notre corps animal. Or l’ontologie moderne ne reconnaît pas ce lien. Cette forclusion est particulièrement marquée dans l’individualisme méthodologique. Elle s’exprime dans la rationalité à court terme du capitalisme. Si l’humanité doit survivre sur la Terre, il s’impose de substituer à l’ontologie moderne, focalisée par l’ être vers la mort individuel, une ontologie reconnaissant l’ être vers la vie de l’humanité.
520 _aMedial work is that performed by the medial body, i.e. the eco-techno-symbolic milieu necessary to the existence of the individual person. It is the chora required by the topos of our animal body. However, modern ontology does not acknowledge this link. This debarment is particularly pronounced in methodological individualism. It is expressed by the short term rationality of capitalism. If humankind is to survive on Earth, we must replace modern ontology, which focuses on the «being towards death» of the individual, with an ontology that acknowledges the «being towards life» of humankind.
786 0 _nL’Espace géographique | 34 | 1 | 2005-03-01 | p. 92b-096b | 0046-2497
856 4 1 _uhttps://shs.cairn.info/revue-espace-geographique-2005-1-page-92b?lang=fr&redirect-ssocas=7080
999 _c1584789
_d1584789